00430nam a2200145Ia 4500100001800000942000700018654001700025245005800042260003400100082001000134300000800144546001200152999001700164952010300181 aBlack/Pery/O  cBK amachine shop aAudels Machinists Library BasicTool Makers Handy Book bTaraporevala Sons & Coc2001 a621.9 a374 aENGLISH c33183d33183 001040708AFTaCRCEbCRCEd2023-03-17g6.00l0o621.9 pAFT422r2023-03-17v6.00w2023-03-17yBK